| 000 | 00516cam a2200169 4500500 | ||
|---|---|---|---|
| 005 | 20260329001851.0 | ||
| 041 | _afre | ||
| 042 | _adc | ||
| 100 | 1 | 0 |
_aChapuis, Émilie _eauthor |
| 245 | 0 | 0 | _aL’égalité, un jeu d’enfant ? |
| 260 | _c2009. | ||
| 500 | _a86 | ||
| 690 | _aÉgalité | ||
| 690 | _aEnfance | ||
| 786 | 0 | _nPhilosophie magazine | 33 | 10 | 2009-10-01 | p. 20-20 | 1951-1787 | |
| 856 | 4 | 1 | _uhttps://shs.cairn.info/magazine-philosophie-magazine-2009-10-page-20?lang=fr&redirect-ssocas=7080 |
| 999 |
_c1809443 _d1809443 |
||